| 000 | 00622nam a2200217Ii 4500 | ||
|---|---|---|---|
| 003 | JO-AjNU | ||
| 008 | 230605s9999||||xx |||||||||||||| ||und|| | ||
| 017 | _a80/4393 | ||
| 020 | _a977-306-246-5 | ||
| 040 |
_aJO-AjNU _bara _erda _cJO-AjNU |
||
| 041 | _aara | ||
| 050 | 1 | 4 | _aTJ163 2 |
| 100 | 3 |
_aاسلام، احمد مدحت, _eauthor _914085 |
|
| 245 | 0 | 0 | _aرسالة كوكب |
| 264 | 3 | 1 | _aالقاهرة:دار الفكر العربي ، 1900 |
| 300 | _a274ص | ||
| 336 |
_atext _btxt _2rdacontent |
||
| 337 |
_aunmediated _bn _2rdamedia |
||
| 338 |
_avolume _bnc _2rdacarrier |
||
| 650 | 4 |
_aالكواكب _914086 |
|
| 999 |
_aA3673 _c7241 _d7241 |
||